| 000 | 01475 a2200301 4500 | ||
|---|---|---|---|
| 999 |
_c5625 _d5625 |
||
| 020 | _a9781403997685 (pbk. : alk. paper) | ||
| 020 | _a1403997683 (pbk. : alk. paper) | ||
| 050 | 0 | 0 | _aRA 643.8 BAR 2006 |
| 100 | 1 |
_aBarnett, Tony. _eAuthor |
|
| 245 | 1 | 0 |
_aAIDS in the twenty-first century : _bdisease and globalization / _cTony Barnett and Alan Whiteside. |
| 250 | _a2nd ed. | ||
| 264 |
_aUnited Kingdom: _bPalgrave Macmillan, _c2006 |
||
| 300 |
_axiv, 447 p. : _bill. ; |
||
| 500 | _aIncludes bibliographical references (p. 398-430) and index. | ||
| 504 | _aIncludes bibliographical references (p. 398-430) and index. | ||
| 650 | 0 |
_aAIDS (Disease) _xSocial aspects. |
|
| 650 | 0 |
_aAIDS (Disease) _xEconomic aspects. |
|
| 650 | 1 | 2 |
_aAcquired Immunodeficiency Syndrome _xepidemiology. |
| 650 | 2 | 2 | _aEpidemiologic Research Design. |
| 650 | 2 | 2 | _aSocial Conditions. |
| 650 | 2 | 2 | _aSocioeconomic Factors. |
| 700 | 1 |
_aWhiteside, Alan. _eAuthor |
|
| 856 | 4 | 2 |
_3Contributor biographical information _uhttp://www.loc.gov/catdir/enhancements/fy0643/2006045710-b.html |
| 856 | 4 | 2 |
_3Publisher description _uhttp://www.loc.gov/catdir/enhancements/fy0643/2006045710-d.html |
| 856 | 4 | 1 |
_3Table of contents only _uhttp://www.loc.gov/catdir/enhancements/fy0643/2006045710-t.html |
| 942 |
_2lcc _cBK _e2nd ed. _h643.8 _iBAR _kRA |
||